000 00341nam a2200145Ia 4500
008 220204s9999 xx 000 0 und d
082 _a582.28:575
_bFIN
100 _aDAY, P R
245 0 _aFungal genetics
250 _aEd.2
260 _aOxford
_bBlackwell
_c1963
650 _aFungal genetics
700 _aFINCHAM, J R S
942 _cBK
999 _c21150
_d21150